Loading...
| History - American | 0 | 5 | 0 | 1 | 50 | 97 | 115.80 | 0 | 1 | 3.87 | 13.93 |
| Science - Other | 0 | 4 | 0 | 0 | 40 | 71 | 92.25 | 0 | 0 | 6.66 | 13.53 |
| Religion | 0 | 3 | 0 | 2 | 30 | 98 | 126.00 | 0 | 1 | 1.93 | 6.11 |
| History - European | 0 | 3 | 0 | 0 | 30 | 76 | 83.67 | 0 | 1 | 6.32 | 13.88 |
| History - World | 0 | 3 | 1 | 1 | 25 | 123 | 130.00 | 0 | 0 | 0.27 | 2.75 |
| Social Science | 0 | 2 | 0 | 0 | 20 | 76 | 102.00 | 0 | 0 | 2.57 | 6.86 |
| Philosophy | 0 | 2 | 0 | 1 | 20 | 96 | 119.50 | 0 | 0 | 1.26 | 5.32 |
| Science - Biology | 0 | 2 | 0 | 0 | 20 | 124 | 124.50 | 0 | 0 | -0.05 | 3.92 |
| Science - Chemistry | 0 | 2 | 0 | 0 | 20 | 121 | 123.50 | 0 | 0 | 0.00 | 2.29 |
| Fine Arts - Classical Music | 0 | 1 | 0 | 0 | 10 | 132 | 132.00 | 0 | 0 | 0.00 | 1.72 |
| Science - Physics | 0 | 1 | 0 | 0 | 10 | 110 | 110.00 | 0 | 0 | 1.02 | 4.66 |
| History - Other | 0 | 1 | 0 | 0 | 10 | 125 | 125.00 | 0 | 0 | 0.35 | 1.47 |
| Geography | 0 | 1 | 1 | 0 | 5 | 131 | 131.00 | 0 | 0 | 0.11 | 1.79 |
| Literature - World | 0 | 1 | 1 | 0 | 5 | 120 | 120.00 | 0 | 0 | 0.77 | 2.45 |
| Fine Arts - Painting & Sculpture | 0 | 0 | 0 | 0 | 0 | 0.00 | 0 | 0 | 0.00 | 0.00 | |
| Current Events | 0 | 0 | 1 | 0 | -5 | 0.00 | 0 | 0 | 0.00 | 0.00 | |
| Fine Arts - Other | 0 | 0 | 1 | 0 | -5 | 0.00 | 0 | 0 | 0.00 | 0.00 |